000 00254nam a2200109Ia 4500
008 230917s9999||||xx |||||||||||||| ||und||
040 _e192294
_aMAIN
041 _aEnglish
100 _aSingh, V B
245 0 _aTheory of economic development
942 _cBK
999 _c92081
_d92081